Twenty-five years on twenty estates (Record no. 106166)
[ view plain ]
| 000 -LEADER | |
|---|---|
| fixed length control field | 01447cai a22002535a 4500 |
| 001 - CONTROL NUMBER | |
| control field | ##L135707 |
| 008 - FIXED-LENGTH DATA ELEMENTS--GENERAL INFORMATION | |
| fixed length control field | 061127s2006 xxk f 000 0 eng d |
| 020 ## - INTERNATIONAL STANDARD BOOK NUMBER | |
| International Standard Book Number | 186134936X |
| 020 ## - INTERNATIONAL STANDARD BOOK NUMBER | |
| International Standard Book Number | 9781861349361 |
| 035 ## - SYSTEM CONTROL NUMBER | |
| System control number | (Sirsi) u135707 |
| 041 0# - LANGUAGE CODE | |
| Language code of text/sound track or separate title | eng |
| 050 04 - LIBRARY OF CONGRESS CALL NUMBER | |
| Classification number | 306.11 $2 18 |
| 100 1# - MAIN ENTRY--PERSONAL NAME | |
| Personal name | Tunstall, Rebecca |
| 245 00 - TITLE STATEMENT | |
| Title | Twenty-five years on twenty estates |
| Remainder of title | turning the tide? |
| Medium | [electonic resource] |
| 260 ## - PUBLICATION, DISTRIBUTION, ETC. | |
| Place of publication, distribution, etc. | Bristol |
| Name of publisher, distributor, etc. | Policy Press |
| Date of publication, distribution, etc. | 2006 |
| 520 ## - SUMMARY, ETC. | |
| Summary, etc. | Tracks the progress of 20 unpopular and rundown council estates in England between 1980 and 2005. Reveals that six estates had improved steadily over the 25 year period, 10 had floundered after initial progress, but had improved again by 2005, and the remaining four were in an uncertain position in 2005. Factors contributing to the improved estates include sustained local housing management, resident involvement and capital investment as well as regional and national trends such as rising employment, increasing house prices and falling crime. The 20 estates span London, the Midlands, northwest and northeast England and include every major type of council housing. |
| 590 ## - LOCAL NOTE (RLIN) | |
| Local note | KA |
| 651 #4 - SUBJECT ADDED ENTRY--GEOGRAPHIC NAME | |
| Geographic name | England |
| Chronological subdivision | 886- |
| 690 ## - LOCAL SUBJECT ADDED ENTRY--TOPICAL TERM (OCLC, RLIN) | |
| Topical term or geographic name as entry element | Residential property |
| 9 (RLIN) | 6266 |
| 700 1# - ADDED ENTRY--PERSONAL NAME | |
| Personal name | Coulter, Alice |
| 710 2# - ADDED ENTRY--CORPORATE NAME | |
| Corporate name or jurisdiction name as entry element | Joseph Rowntree Foundation |
| 9 (RLIN) | 2318 |
| 856 40 - ELECTRONIC LOCATION AND ACCESS | |
| Uniform Resource Identifier | <a href="https://www.jrf.org.uk/knowledge/findings/housing/1958.asp">https://www.jrf.org.uk/knowledge/findings/housing/1958.asp</a> |
| Public note | View the report free of charge at www.jrf.org.uk... |
| 942 ## - ADDED ENTRY ELEMENTS (KOHA) | |
| Suppress in OPAC | 0 |
| Withdrawn status | Lost status | Source of classification or shelving scheme | Damaged status | Not for loan | Home library | Current library | Shelving location | Date acquired | Total Checkouts | Full call number | Barcode | Date last seen | Copy number | Price effective from | Koha item type |
|---|---|---|---|---|---|---|---|---|---|---|---|---|---|---|---|
| Dewey Decimal Classification | Virtual | Virtual | Online | 27/11/2006 | ONLINE PUBLICATION | 135707-2001 | 06/08/2019 | 1 | 06/08/2019 | Book |